[Event "GER CCM-E02-C email"]
[Site "GER email"]
[Date "2018.06.19"]
[Round "?"]
[White "Rihtaric, Ivan"]
[Black "Garus, Edward"]
[Result "1/2-1/2"]
[WhiteElo "2082"]
[BlackElo "2088"]
[PlyCount "68"]
[EventDate "2018.??.??"]
[EventType "tourn (corr)"]
[EventRounds "13"]
[EventCountry "GER"]
[SourceTitle "Corr 2020"]
[Source "ChessBase"]
[SourceDate "2019.09.30"]
[SourceVersion "1"]
[SourceVersionDate "2019.09.30"]
[SourceQuality "1"]

1. e4 e5 2. Nf3 Nc6 3. Bb5 a6 4. Bxc6 dxc6 5. 0-0 f6 6. d4 exd4 7. Nxd4 c5 8. Ne2 Qxd1 9. Rxd1 Bd7 10. Bf4 0-0-0 11. Nbc3 Ne7 12. Rd2 Be8 13. Rxd8+ Kxd8 14. Rd1+ Kc8 15. b3 b6 16. f3 h5 17. h4 Bf7 18. Bg3 g5 19. f4 Bh6 20. hxg5 fxg5 21. Rf1 gxf4 22. Bxf4 Bxf4 23. Rxf4 Rh7 24. Rf6 Ng8 25. Rf1 Nh6 26. Nf4 Ng4 27. Re1 Ne5 28. Kf2 Rh8 29. Ncd5 c4 30. b4 Rd8 31. Ke3 Ng4+ 32. Kf3 Kb7 33. Rd1 b5 34. a3 a5 1/2-1/2

[Event "GER CCM-E02-C email"]
[Site "GER email"]
[Date "2018.06.19"]
[Round "?"]
[White "Rihtaric, Ivan"]
[Black "Gavrijski, Dimitar"]
[Result "0-1"]
[WhiteElo "2082"]
[BlackElo "2137"]
[PlyCount "132"]
[EventDate "2018.??.??"]
[EventType "tourn (corr)"]
[EventRounds "13"]
[EventCountry "GER"]
[SourceTitle "Corr 2020"]
[Source "ChessBase"]
[SourceDate "2019.09.30"]
[SourceVersion "1"]
[SourceVersionDate "2019.09.30"]
[SourceQuality "1"]

1. e4 e5 2. Nf3 Nc6 3. Bb5 a6 4. Bxc6 dxc6 5. 0-0 Bg4 6. h3 h5 7. d3 Qf6 8. Nbd2 Ne7 9. Nc4 Bxf3 10. Qxf3 Qxf3 11. gxf3 Ng6 12. Be3 0-0-0 13. Kh2 Rg8 14. Rg1 Be7 15. a4 Nh4 16. Nxe5 Bd6 17. f4 Bxe5 18. fxe5 Nf3+ 19. Kg2 Nxg1 20. Rxg1 g5 21. b4 Rde8 22. Bd4 b6 23. f3 Kd7 24. Kf2 Rb8 25. Ra1 c5 26. bxc5 bxc5 27. Bc3 g4 28. fxg4 hxg4 29. h4 g3+ 30. Kg2 c4 31. Rf1 cxd3 32. cxd3 Rb3 33. Rxf7+ Kd8 34. Ba5 Rb2+ 35. Kg1 Rc2 36. Rf3 g2 37. Be1 Rc1 38. Re3 c5 39. h5 Ke7 40. h6 Ke6 41. h7 Rh8 42. Kxg2 Rxh7 43. Bf2 Rg7+ 44. Kh2 Kxe5 45. Rf3 Rc2 46. a5 Ke6 47. Kh1 Rc3 48. Rh3 Rc1+ 49. Kh2 Rc2 50. Rf3 Ra2 51. Rf8 Rf7 52. Rxf7 Kxf7 53. Kg3 Rxa5 54. Kf3 Rb5 55. Be3 a5 56. Ke2 a4 57. Bc1 Rb1 58. Kd2 Ke6 59. Kc2 Rb3 60. Bf4 Kd7 61. Bh6 Kc6 62. Bd2 c4 63. dxc4 Kc5 64. e5 Kxc4 65. e6 a3 66. Bc1 a2 0-1

[Event "GER CCM-E01-D email"]
[Site "GER email"]
[Date "2017.06.26"]
[Round "?"]
[White "Elias, Holger"]
[Black "Rihtaric, Ivan"]
[Result "1-0"]
[WhiteElo "2125"]
[BlackElo "2181"]
[PlyCount "43"]
[EventDate "2017.??.??"]
[EventType "tourn (corr)"]
[EventRounds "13"]
[EventCountry "GER"]
[SourceTitle "Corr 2017"]
[Source "ChessBase"]
[SourceDate "2017.09.19"]
[SourceVersion "1"]
[SourceVersionDate "2017.09.19"]
[SourceQuality "1"]

1. d4 d5 2. c4 e6 3. Nc3 Nf6 4. Nf3 Nc6 5. Bg5 Be7 6. e3 0-0 7. a3 h6 8. Bf4 Nh5 9. Be5 f6 10. Bg3 Nxg3 11. hxg3 Na5 12. cxd5 exd5 13. Qc2 Be6 14. Rxh6 gxh6 15. Qg6+ Kh8 16. Qxh6+ Kg8 17. Qg6+ Kh8 18. Bd3 Rf7 19. Ng5 Rg7 20. Qh5+ Kg8 21. Bh7+ Rxh7 22. Qxh7+ 1-0

[Event "GER CCM-E01-D email"]
[Site "GER email"]
[Date "2017.06.26"]
[Round "?"]
[White "Flor Trejo, Remigio"]
[Black "Rihtaric, Ivan"]
[Result "1-0"]
[WhiteElo "2149"]
[BlackElo "2181"]
[PlyCount "111"]
[EventDate "2017.??.??"]
[EventType "tourn (corr)"]
[EventRounds "13"]
[EventCountry "GER"]
[SourceTitle "Corr 2020"]
[Source "ChessBase"]
[SourceDate "2019.09.30"]
[SourceVersion "1"]
[SourceVersionDate "2019.09.30"]
[SourceQuality "1"]

1. f4 Nf6 2. Nf3 g6 3. e3 Bg7 4. Be2 d5 5. 0-0 0-0 6. Nc3 Qd6 7. d4 a6 8. Ne5 Nc6 9. a3 Bf5 10. g4 Be6 11. Bf3 Rae8 12. b3 Nd7 13. Bb2 Rb8 14. e4 Nb6 15. Nxc6 Qxc6 16. f5 gxf5 17. gxf5 Bd7 18. Nxd5 Nxd5 19. exd5 Qh6 20. Qd3 Kh8 21. Kh1 Bf6 22. Rae1 Rbe8 23. Be4 c5 24. Bc1 Qh4 25. dxc5 Be5 26. Qd2 Rg8 27. c6 bxc6 28. dxc6 Bc8 29. Bd5 Qf6 30. Qh6 Qxh6 31. Bxh6 Bg7 32. Be3 e6 33. fxe6 fxe6 34. Be4 Bb2 35. Rf7 Rg7 36. Ref1 Bxa3 37. Bh6 Rg4 38. Rxh7+ Kg8 39. Rf4 Rxf4 40. Bxf4 e5 41. Bg3 Bd6 42. Kg2 Be6 43. Ra7 Kf8 44. Rxa6 Bc8 45. Ra7 Re7 46. Rxe7 Kxe7 47. Kf3 Bh3 48. Bh4+ Ke8 49. Bg6+ Kf8 50. Bd8 Kg7 51. Be4 Kf7 52. c7 Bc8 53. h4 Bf8 54. h5 Kg7 55. Bg5 Bd6 56. h6+ 1-0

[Event "GER CCM-E01-D email"]
[Site "GER email"]
[Date "2017.06.26"]
[Round "?"]
[White "Portych, Vaclav"]
[Black "Rihtaric, Ivan"]
[Result "1/2-1/2"]
[WhiteElo "2130"]
[BlackElo "2181"]
[PlyCount "76"]
[EventDate "2017.??.??"]
[EventType "tourn (corr)"]
[EventRounds "13"]
[EventCountry "GER"]
[SourceTitle "Corr 2020"]
[Source "ChessBase"]
[SourceDate "2019.09.30"]
[SourceVersion "1"]
[SourceVersionDate "2019.09.30"]
[SourceQuality "1"]

1. e4 e5 2. Nf3 Nc6 3. Bb5 a6 4. Ba4 b5 5. Bb3 Nf6 6. 0-0 Bd6 7. d3 0-0 8. a4 b4 9. Be3 Qe7 10. Nbd2 Bc5 11. Nc4 d6 12. Bxc5 dxc5 13. h3 a5 14. Ne3 Nd4 15. Bc4 Rb8 16. b3 Qd6 17. Kh1 Bd7 18. Kg1 Rfe8 19. Re1 g6 20. Rb1 Kg7 21. Nd5 Nh5 22. Ne3 Nf4 23. Nd5 Nh5 24. Ne3 Nf4 25. Nd5 Bc8 26. Nxd4 cxd4 27. Nxf4 exf4 28. Qf3 Re7 29. g3 fxg3 30. fxg3 Qe5 31. Kh2 Be6 32. Bxe6 Rxe6 33. Rf1 f6 34. Kg1 Rbb6 35. Rbe1 Rbc6 36. Rf2 Qd6 37. g4 Re5 38. Ree2 Qe7 1/2-1/2